En búsqueda de la escuela del siglo XXI: dos experiencias de autoaprendizaje
Tallennettuna:
| Päätekijä: | |
|---|---|
| Aineistotyyppi: | Kirja |
| Kieli: | espanja |
| Julkaistu: |
Santiago
CPU
1992
|
| Painos: | 1a. ed |
| Aiheet: | |
| Tagit: |
Lisää tagi
Ei tageja, Lisää ensimmäinen tagi!
|
MARC
| LEADER | 00000nam a2200000 a 4500 | ||
|---|---|---|---|
| 001 | UCW7416 | ||
| 003 | CL-VaPUC | ||
| 008 | 921210e19920000CL |||||||||||||||||spa|d | ||
| 082 | 0 | 4 | |a 370.11 |b SCH |2 21 |
| 100 | 0 | |a Schiefelbein F., Ernesto |e author |9 312563 | |
| 245 | 1 | 0 | |a En búsqueda de la escuela del siglo XXI: dos experiencias de autoaprendizaje |
| 250 | |a 1a. ed | ||
| 300 | |a 150 p | ||
| 942 | |c BK | ||
| 945 | |d 19921210 00:00:00 | ||
| 260 | |a Santiago |b CPU |c 1992 | ||
| 650 | 0 | |a Calidad de la educación |9 307271 | |
| 583 | |a last modification |c 19921210 00:00:00 |k Rodrigo Vera | ||
| 999 | |c 220178 |d 220176 | ||
| 952 | |0 0 |1 0 |4 0 |6 370_110000000000000_SCH_1992 |7 0 |8 A |9 212076 |a BIBEDU |b BIBEDU |d 2019-11-15 |i 2803186 |o 370.11 SCH 1992 |p 2803186 |r 2019-11-15 |w 2019-11-15 |y BK |k EDU | ||
| 952 | |0 0 |1 0 |4 0 |6 370_110000000000000_SCH_1992 |7 0 |8 A |9 212077 |a BIBEDU |b BIBEDU |d 2019-11-15 |i 1504010 |o 370.11 SCH 1992 |p 1504010 |r 2019-11-15 |w 2019-11-15 |y BK |k EDU | ||
| 952 | |0 0 |1 0 |4 0 |6 370_110000000000000_SCH_1992 |7 0 |8 A |9 212078 |a BIBHIS |b BIBHIS |d 2019-11-15 |i 1209833 |o 370.11 SCH 1992 |p 1209833 |r 2025-01-20 |w 2019-11-15 |y BK |k HIS | ||
| 952 | |0 0 |1 0 |4 0 |6 370_110000000000000_SCH_1992 |7 0 |8 A |9 212079 |a BIBEDU |b BIBEDU |d 2019-11-15 |i 4224655 |o 370.11 SCH 1992 |p 4224655 |r 2019-11-15 |w 2019-11-15 |y BK |k EDU | ||
| 952 | |0 0 |1 0 |4 0 |6 370_110000000000000_SCH_1992 |7 0 |8 A |9 212080 |a BIBEDU |b BIBEDU |d 2019-11-15 |i 4594576 |o 370.11 SCH 1992 |p 4594576 |r 2019-11-15 |w 2019-11-15 |y BK |k BME | ||
| 952 | |0 0 |1 0 |4 0 |6 370_110000000000000_SCH_1992 |7 0 |8 A |9 212081 |a BIBEDU |b BIBEDU |d 2019-11-15 |i 4633237 |o 370.11 SCH 1992 |p 4633237 |r 2019-11-15 |w 2019-11-15 |y BK |k EPE | ||